Quizzes
Events
Quiz Creation
Community
Videos
Private Events
Remove Ads
Sign In
Join for FREE
Feedback
Dark Mode
Quiz Categories
Sports
Geography
Music
Movies
Television
Just For Fun
Miscellaneous
History
Literature
Language
Science
Gaming
Entertainment
Religion
Holiday
For Kids
Quiz Lab
Recent
Popular Today
Quiz Kudos Today
Editor Picks
Curator Picks
Quizzes by...
Day
Popularity
Type
Ratings
Length
Year
Community
Subscriptions
Recent Discussions
Orange Saloon
Badges
Playlists
Quests
Create
Leaderboards
Showdown
Live 5
Trivia Bingo
Activity
Puzzle Library
Sporcle Events
Private Events
Virtual Trivia
Globe League
Become a Host
Pub Owners
SporcleCon
Opinionation
Our Games
Videos
Blog
Mobile Apps
Partnerships
Remove Ads and Go Orange
Feedback
Geography
Country
Landmarks
City
State
Population
World
Capital
Continent
Flags
Europe
Africa
Asia
South America
North America
Oceania
Border
Canada
United Kingdom
Topography
United States
Geography
Country
Landmarks
City
State
Population
World
Capital
Continent
Flags
Europe
Africa
Asia
South America
North America
Oceania
Border
Canada
United Kingdom
Topography
United States
Random Quiz
Search Sporcle
×
Quiz Lab
Quiz Lab
Geography
North America
Type in answers that appear in a list
Type in answers that appear in a list
Classic
Best Score? Go Orange.
Cities with Over 1,000,000 in North America Stats
Can you name the Cities with Over 1,000,000 in North America?
By
Arlen
5m
26 Questions
575 Plays
575 Plays
575 Plays
Comments
Comments
Give Quiz Kudos
Give Quiz Kudos
-
- Ratings
hide this ad
Replay
Link that replays current quiz
Next Quiz
Link to next quiz in quiz playlist
You Got
0%
They Got
Avg Score
62%
Avg Friend Score
Upgrade to see
Score Distribution
Jump to the score distribution portion of the page
Score
0/26
Timer
05:00
0
Plays Today
Population
City
% Correct
8,851,080
Mexico City
98.6%
3,792,621
Los Angeles
97.6%
8,175,133
New York
96.9%
2,695,598
Chicago
95%
2,503,281
Toronto
92.9%
1,854,442
Montreal
91.1%
2,100,017
Houston
91%
2,900,300
Havana
86.4%
1,197,816
Dallas
86.4%
1,556,396
Philadelphia
82.8%
1,445,632
Phoenix
77.2%
1,307,402
San Diego
75.1%
3,813,214
Santo Domingo
71%
Population
City
% Correct
1,327,407
San Antonio
68.3%
1,495,182
Guadalajara
65.4%
1,800,000
Managua
60.7%
1,135,512
Monterrey
59.5%
1,300,983
Tijuana
53.6%
1,086,641
Tegucigalpa
49.6%
1,321,004
Ciudad Juarez
41.7%
1,434,062
Puebla
26.3%
1,436,733
Leon
23.8%
1,329,091
Santiago
17.4%
1,142,483
Zapopan
7.5%
1,104,585
Nezahualcoyotl
6.4%
1,655,015
Ecatepec City
6.1%
Quiz Playlist
Details
Report
Send in Message
Add To Playlist
Classic:
Type in answers that appear in a list
Last Updated: Feb 21, 2019
Quiz Scoreboard
CHALLENGE
Sign Up to Join the Scoreboard
Show All
Scores
Hide
Comments
May contain spoilers
Recently Published
An Introduction to Baseball
by treessimontrees
Sports
5m
Movies - When Are They Set?
by FPL_Elf
Movies
5m
Popular People in 1961
by mucciniale
History
6m
More to Explore
Quiz From the Vault
Featured Blog Post
Where Did the Easter Bunny Come From?
hide this ad
You Might Also Like...
Tags
City Quiz
Country Quiz
North America Quiz
Population Quiz
America
north
Today's Top Quizzes in Geography
Browse Geography
hide this ad
Today's Top Quizzes in North America
Browse North America
Top Contributed Quizzes in Geography
1
Countries of the World - No Outlines Minefield
2
Top 25 Cities of France on a map
3
Closest Countries to UK A-Z
4
Any capital of a 'B' country per Continent
5
One Thing in Common: United Kingdom
6
Find the Provinces of Canada - No Outlines Minefield
7
Any capital of a 'C' country per Continent
8
Blind Secret Country CLXXXVIII
9
Find the US States - No Outlines
10
Any capital of a 'D' country per Continent
Explore More
Trending Topics
Crossword
Marvel
Disney
Harry Potter
Anime
Kpop
NBA
Pokémon
Country
WWE
The Office
Soccer
Puzzle
Song
NFL
hide this ad
More By:
Arlen
Quiz
Plays
Rating
Category
Featured
Created
Colleges in the city of Pittsburgh
1,379
1.88
Miscellaneous
Feb 10, 2010
provinces and territories of canada
738
3.00
Geography
May 4, 2010
Cities with Over 1,000,000 in North America
575
2.29
Geography
Jun 20, 2011
Sports teams of the USA
542
1.33
Sports
Dec 8, 2009
Colleges in the city of Philadelphia
528
1.00
Miscellaneous
Feb 15, 2010
Go to Creator's Profile
Score Distribution
Quiz Creator Spotlight
Arlen
Follow
Send a Message
Quizzes Created
-
Created Quiz Play Count
-
More By This Creator
Popular Quizzes Today
1
Find the Countries of Europe - No Outlines Minefield
2
Find the US States - No Outlines Minefield
3
The Countries of the World
4
Popular People in 1961
5
US States
6
Find the US States
7
1-10 Letter E Words III
8
Risky Map Clicking: Biggest States A-Z
More Geography Quizzes
State Ending Trio Pairs
Published
Trending Quizzes
Risky Map Clicking: Least Populous States A-Z
1-10 Letter F Words
1-10 Letter G Words
Not Quite an Element Typing Challenge
One Thing in Common: United Kingdom
Recently Updated
Leaping Animals
pecheneg
Reality TV Shows (A-Z)
bhenderson79
Rickey Henderson's Hall of Fame Teammates
pecheneg
Champions League XIs: Arsenal
pecheneg
Quick Pick: Celebrities in WWE's Hall of Fame
aduchscher
A-Z Keypad Blitz II
pecheneg
Multiple Oscar Actors
pecheneg
Mystery Phrase Blitz: Oscar 'Best Actors'
pecheneg
F. Scott Fitzgerald Novels
LTH
Pick 3 Villains
ddd62291
Trending Topics
Crossword
Anime
Kpop
Harry Potter
Disney
Marvel
NBA
Country
The Office
Song
Soccer
WWE
NFL
Pokémon
Puzzle
Your Account Isn't Verified!
In order to create a playlist on Sporcle, you need to verify the email address you used during registration. Go to your
Sporcle Settings
to finish the process.
Report this User
Report this user for behavior that violates our
Community Guidelines
.
Details:
Send Report
Go to the Sporcle.com Mobile Site →
Comments